[Event "Latvian Teams Chess Championship Higher League 2019"]
[Site "Riga Chess School, 10 Pernavas Street, Riga, Latvia"]
[Date "2019.06.08"]
[Round "5.6"]
[White "Mierins, Eriks"]
[Black "Kengis, Edvins"]
[Result "0-1"]
[TimeControl "Standard: 90 minutes with 30 second increment from move 1"]
[BlackTitle "GM"]
[WhiteFideId "11603178"]
[BlackFideId "11600039"]
[WhiteElo "2221"]
[BlackElo "2534"]

1. e4 {[%clk 01:30:31]} {[%emt 00:00:29]} c5 {[%clk 01:29:39]} {[%emt
00:01:21]} 2. Nf3 {[%clk 01:30:56]} {[%emt 00:00:05]} d6 {[%clk 01:30:05]}
{[%emt 00:00:04]} 3. d4 {[%clk 01:31:22]} {[%emt 00:00:04]} cxd4 {[%clk
01:30:31]} {[%emt 00:00:04]} 4. Nxd4 {[%clk 01:31:48]} {[%emt 00:00:04]} Nf6
{[%clk 01:30:56]} {[%emt 00:00:04]} 5. Nc3 {[%clk 01:31:50]} {[%emt 00:00:29]}
Nc6 {[%clk 01:30:24]} {[%emt 00:01:02]} 6. Be3 {[%clk 01:31:32]} {[%emt
00:00:48]} Ng4 {[%clk 01:30:29]} {[%emt 00:00:24]} 7. Nxc6 {[%clk 01:30:10]}
{[%emt 00:01:53]} bxc6 {[%clk 01:28:09]} {[%emt 00:02:50]} 8. Bg5 {[%clk
01:30:17]} {[%emt 00:00:23]} Qb6 {[%clk 01:28:00]} {[%emt 00:00:39]} 9. Qd2
{[%clk 01:30:31]} {[%emt 00:00:15]} h6 {[%clk 01:26:00]} {[%emt 00:02:31]} 10.
Bh4 {[%clk 01:29:00]} {[%emt 00:02:01]} g5 {[%clk 01:25:52]} {[%emt 00:00:38]}
11. Bg3 {[%clk 01:29:16]} {[%emt 00:00:13]} Bg7 {[%clk 01:25:41]} {[%emt
00:00:41]} 12. Nd1 {[%clk 01:24:57]} {[%emt 00:04:50]} Ba6 {[%clk 01:16:59]}
{[%emt 00:09:13]} 13. h4 {[%clk 01:16:24]} {[%emt 00:09:02]} O-O-O {[%clk
01:13:25]} {[%emt 00:04:04]} 14. c4 {[%clk 01:16:43]} {[%emt 00:00:12]} c5
{[%clk 01:01:49]} {[%emt 00:12:06]} 15. Rb1 {[%clk 01:10:50]} {[%emt 00:06:20]}
Qb4 {[%clk 00:57:25]} {[%emt 00:04:56]} 16. Qxb4 {[%clk 01:09:35]} {[%emt
00:01:45]} cxb4 {[%clk 00:57:53]} {[%emt 00:00:02]} 17. Be2 {[%clk 01:09:49]}
{[%emt 00:00:15]} Ne5 {[%clk 00:58:10]} {[%emt 00:00:14]} 18. Ne3 {[%clk
01:10:09]} {[%emt 00:00:10]} e6 {[%clk 00:58:38]} {[%emt 00:00:02]} 19. hxg5
{[%clk 01:05:05]} {[%emt 00:05:34]} hxg5 {[%clk 00:59:03]} {[%emt 00:00:05]} 20.
Rxh8 {[%clk 01:05:21]} {[%emt 00:00:14]} Rxh8 {[%clk 00:59:06]} {[%emt
00:00:27]} 21. Kd2 {[%clk 01:05:35]} {[%emt 00:00:15]} Bb7 {[%clk 00:58:34]}
{[%emt 00:01:03]} 22. f3 {[%clk 01:05:51]} {[%emt 00:00:14]} Kd7 {[%clk
00:57:34]} {[%emt 00:01:30]} 23. Kc2 {[%clk 01:03:57]} {[%emt 00:02:22]} Nc6
{[%clk 00:56:11]} {[%emt 00:01:55]} 24. Bd3 {[%clk 01:03:40]} {[%emt 00:00:47]}
Nd4+ {[%clk 00:52:21]} {[%emt 00:04:20]} 25. Kd2 {[%clk 01:04:03]} {[%emt
00:00:07]} Ke7 {[%clk 00:52:49]} {[%emt 00:00:01]} 26. Nc2 {[%clk 01:01:58]}
{[%emt 00:02:34]} Nxc2 {[%clk 00:50:07]} {[%emt 00:03:14]} 27. Kxc2 {[%clk
01:02:16]} {[%emt 00:00:12]} Bd4 {[%clk 00:50:35]} {[%emt 00:00:02]} 28. Kb3
{[%clk 01:01:47]} {[%emt 00:00:59]} a5 {[%clk 00:50:58]} {[%emt 00:00:07]} 29.
a3 {[%clk 01:01:45]} {[%emt 00:00:32]} bxa3 {[%clk 00:46:23]} {[%emt 00:05:05]}
30. Kxa3 {[%clk 01:01:18]} {[%emt 00:00:58]} Bc5+ {[%clk 00:46:12]} {[%emt
00:00:40]} 31. Kb3 {[%clk 01:01:32]} {[%emt 00:00:15]} Bc6 {[%clk 00:46:19]}
{[%emt 00:00:24]} 32. Kc2 {[%clk 01:01:40]} {[%emt 00:00:21]} e5 {[%clk
00:46:27]} {[%emt 00:00:23]} 33. Ra1 {[%clk 00:59:08]} {[%emt 00:03:02]} a4
{[%clk 00:46:47]} {[%emt 00:00:10]} 34. Rb1 {[%clk 00:58:29]} {[%emt 00:01:08]}
Bd4 {[%clk 00:40:57]} {[%emt 00:06:20]} 35. Ra1 {[%clk 00:54:28]} {[%emt
00:04:32]} Rb8 {[%clk 00:38:50]} {[%emt 00:02:37]} 36. Ra2 {[%clk 00:54:36]}
{[%emt 00:00:21]} Rb3 {[%clk 00:38:20]} {[%emt 00:01:01]} 37. Be1 {[%clk
00:54:22]} {[%emt 00:00:43]} Kd7 {[%clk 00:37:15]} {[%emt 00:01:37]} 38. Bd2
{[%clk 00:53:19]} {[%emt 00:01:31]} f6 {[%clk 00:37:44]} {[%emt 00:00:02]} 39.
g4 {[%clk 00:51:03]} {[%emt 00:02:45]} Rb8 {[%clk 00:37:40]} {[%emt 00:00:34]}
40. Be2 {[%clk 00:50:59]} {[%emt 00:00:33]} Rh8 {[%clk 00:36:09]} {[%emt
00:02:03]} 41. b4 {[%clk 00:43:07]} {[%emt 00:08:21]} axb3+ {[%clk 00:36:17]}
{[%emt 00:00:23]} 42. Kxb3 {[%clk 00:43:30]} {[%emt 00:00:07]} Rh2 {[%clk
00:35:26]} {[%emt 00:01:20]} 43. Bb4 {[%clk 00:41:47]} {[%emt 00:02:13]} Rf2
{[%clk 00:27:22]} {[%emt 00:08:35]} 44. Bd1 {[%clk 00:36:39]} {[%emt 00:05:37]}
Rf1 {[%clk 00:27:47]} {[%emt 00:00:06]} 45. Rd2 {[%clk 00:37:00]} {[%emt
00:00:08]} Ke7 {[%clk 00:27:27]} {[%emt 00:00:51]} 46. Kc2 {[%clk 00:32:12]}
{[%emt 00:05:17]} Ba4+ {[%emt 00:00:15]} 0-1

[Event "Latvian Teams Chess Championship Higher League 2019"]
[Site "Riga Chess School, 10 Pernavas Street, Riga, Latvia"]
[Date "2019.06.08"]
[Round "5.7"]
[White "Mustaps, Matiss"]
[Black "Kurpnieks, Vairis"]
[Result "1-0"]
[TimeControl "Standard: 90 minutes with 30 second increment from move 1"]
[WhiteTitle "FM"]
[WhiteFideId "11602295"]
[BlackFideId "11602074"]
[WhiteElo "2385"]
[BlackElo "1988"]

1. e4 {[%clk 01:30:52]} {[%emt 00:36:57]} e5 {[%clk 01:30:53]} {[%emt
00:00:14]} 2. Nf3 {[%clk 01:31:17]} {[%emt 00:00:05]} f5 {[%clk 01:31:19]}
{[%emt 00:00:05]} 3. Nxe5 {[%clk 01:31:45]} {[%emt 00:00:02]} d5 {[%clk
01:31:45]} {[%emt 00:00:04]} 4. exd5 {[%clk 01:31:33]} {[%emt 00:00:41]} Nf6
{[%clk 01:32:09]} {[%emt 00:00:07]} 5. d4 {[%clk 01:31:42]} {[%emt 00:00:20]}
Qxd5 {[%clk 01:32:26]} {[%emt 00:00:13]} 6. Be2 {[%clk 01:28:38]} {[%emt
00:03:35]} Nc6 {[%clk 01:31:46]} {[%emt 00:01:09]} 7. Bf3 {[%clk 01:28:47]}
{[%emt 00:00:22]} Ne4 {[%clk 01:31:50]} {[%emt 00:00:25]} 8. Nxc6 {[%clk
01:28:02]} {[%emt 00:01:15]} bxc6 {[%clk 01:32:19]} {[%emt 00:00:02]} 9. O-O
{[%clk 01:28:20]} {[%emt 00:00:13]} Bd6 {[%clk 01:32:28]} {[%emt 00:00:20]} 10.
Nc3 {[%clk 01:28:37]} {[%emt 00:00:12]} Nxc3 {[%clk 01:32:52]} {[%emt
00:00:07]} 11. Bxd5 {[%clk 01:28:39]} {[%emt 00:00:27]} Nxd5 {[%clk 01:32:52]}
{[%emt 00:00:30]} 12. c4 {[%clk 01:28:59]} {[%emt 00:00:10]} Nf6 {[%clk
01:33:20]} {[%emt 00:00:02]} 13. Re1+ {[%clk 01:29:21]} {[%emt 00:00:09]} Kf7
{[%clk 01:33:48]} {[%emt 00:00:01]} 14. Bg5 {[%clk 01:29:18]} {[%emt 00:00:34]}
Bd7 {[%clk 01:34:11]} {[%emt 00:00:06]} 15. Bxf6 {[%clk 01:29:43]} {[%emt
00:00:05]} Kxf6 {[%clk 01:34:32]} {[%emt 00:00:10]} 16. c5 {[%clk 01:30:02]}
{[%emt 00:00:10]} Bf4 {[%clk 01:34:20]} {[%emt 00:00:42]} 17. d5 {[%clk
01:30:23]} {[%emt 00:00:10]} Be5 {[%clk 01:33:57]} {[%emt 00:00:52]} 18. f4
{[%clk 01:28:34]} {[%emt 00:02:19]} Bxb2 {[%clk 01:33:08]} {[%emt 00:01:20]} 19.
Rb1 {[%clk 01:29:01]} {[%emt 00:00:03]} Bc3 {[%clk 01:33:19]} {[%emt 00:00:19]}
20. Re3 {[%clk 01:29:27]} {[%emt 00:00:04]} Ba5 {[%clk 01:33:19]} {[%emt
00:00:29]} 21. Qd4+ {[%clk 01:29:55]} {[%emt 00:00:03]} Kf7 {[%clk 01:33:40]}
{[%emt 00:00:09]} 22. Re7+ {[%clk 01:29:08]} {[%emt 00:01:17]} Kxe7 {[%clk
01:33:53]} {[%emt 00:00:17]} 23. Qxg7+ {[%clk 01:29:36]} {[%emt 00:00:02]} Kd8
{[%clk 01:34:01]} {[%emt 00:00:21]} 24. Qxh8+ {[%clk 01:30:02]} {[%emt
00:00:04]} Be8 {[%clk 01:34:27]} {[%emt 00:00:04]} 25. Qf6+ {[%clk 01:30:25]}
{[%emt 00:00:07]} Kc8 {[%clk 01:34:31]} {[%emt 00:00:26]} 26. Qe6+ {[%clk
01:30:46]} {[%emt 00:00:10]} Bd7 {[%clk 01:34:50]} {[%emt 00:00:11]} 27. Qg8+
{[%clk 01:31:11]} {[%emt 00:00:04]} Be8 {[%clk 01:35:13]} {[%emt 00:00:07]} 28.
Qxe8# {[%clk 01:31:39]} {[%emt 00:00:02]} 1-0

[Event "Latvian Teams Chess Championship Higher League 2019"]
[Site "Riga Chess School, 10 Pernavas Street, Riga, Latvia"]
[Date "2019.06.08"]
[Round "5.8"]
[White "Gutmans, Mihail"]
[Black "Rogule, Laura"]
[Result "0-1"]
[TimeControl "Standard: 90 minutes with 30 second increment from move 1"]
[BlackTitle "WGM"]
[WhiteFideId "11602040"]
[BlackFideId "11601876"]
[WhiteElo "2167"]
[BlackElo "2267"]

1. d4 {[%clk 01:21:59]} {[%emt 00:09:01]} d5 {[%clk 01:29:55]} {[%emt
00:01:05]} 2. c4 {[%clk 01:22:20]} {[%emt 00:00:09]} e6 {[%clk 01:30:12]}
{[%emt 00:00:14]} 3. Nc3 {[%clk 01:22:43]} {[%emt 00:00:06]} Nf6 {[%clk
01:30:28]} {[%emt 00:00:14]} 4. Bg5 {[%clk 01:22:33]} {[%emt 00:00:39]} Nbd7
{[%clk 01:29:44]} {[%emt 00:01:15]} 5. cxd5 {[%clk 01:21:34]} {[%emt 00:01:29]}
exd5 {[%clk 01:30:07]} {[%emt 00:00:07]} 6. e3 {[%clk 01:20:58]} {[%emt
00:01:05]} c6 {[%clk 01:29:37]} {[%emt 00:01:00]} 7. Bd3 {[%clk 01:21:13]}
{[%emt 00:00:15]} Be7 {[%clk 01:29:44]} {[%emt 00:00:24]} 8. Qc2 {[%clk
01:21:04]} {[%emt 00:00:39]} O-O {[%clk 01:28:24]} {[%emt 00:01:50]} 9. Nge2
{[%clk 01:20:29]} {[%emt 00:01:05]} Re8 {[%clk 01:28:18]} {[%emt 00:00:36]} 10.
O-O-O {[%clk 01:17:31]} {[%emt 00:03:28]} Nf8 {[%clk 01:24:53]} {[%emt
00:03:55]} 11. h3 {[%clk 01:16:49]} {[%emt 00:01:12]} b6 {[%clk 01:14:59]}
{[%emt 00:10:23]} 12. g4 {[%clk 01:15:15]} {[%emt 00:02:05]} Bb7 {[%clk
01:07:49]} {[%emt 00:07:40]} 13. Ng3 {[%clk 01:02:30]} {[%emt 00:13:14]} g6
{[%clk 01:03:49]} {[%emt 00:04:30]} 14. Rhg1 {[%clk 00:56:29]} {[%emt
00:06:32]} Kh8 {[%clk 01:02:28]} {[%emt 00:01:52]} 15. Kb1 {[%clk 00:47:43]}
{[%emt 00:09:15]} Ne6 {[%clk 00:59:20]} {[%emt 00:03:38]} 16. f4 {[%clk
00:36:20]} {[%emt 00:11:52]} Nxg5 {[%clk 00:49:11]} {[%emt 00:10:40]} 17. fxg5
{[%clk 00:36:40]} {[%emt 00:00:10]} Ng8 {[%clk 00:47:47]} {[%emt 00:01:54]} 18.
h4 {[%clk 00:32:50]} {[%emt 00:04:20]} Bc8 {[%clk 00:38:47]} {[%emt 00:09:30]}
19. Nf5 {[%clk 00:21:58]} {[%emt 00:11:22]} Bf8 {[%clk 00:31:13]} {[%emt
00:08:04]} 20. Qf2 {[%clk 00:18:53]} {[%emt 00:03:34]} b5 {[%clk 00:24:23]}
{[%emt 00:07:20]} 21. Qf4 {[%clk 00:09:09]} {[%emt 00:10:14]} gxf5 {[%clk
00:11:34]} {[%emt 00:13:20]} 22. gxf5 {[%clk 00:09:30]} {[%emt 00:00:09]} f6
{[%clk 00:06:12]} {[%emt 00:05:52]} 23. g6 {[%clk 00:06:45]} {[%emt 00:03:15]}
Bh6 {[%clk 00:04:09]} {[%emt 00:02:32]} 24. Rg2 {[%clk 00:03:33]} {[%emt
00:03:43]} hxg6 {[%clk 00:03:56]} {[%emt 00:00:43]} 25. fxg6 {[%clk 00:03:51]}
{[%emt 00:00:12]} Kg7 {[%clk 00:04:07]} {[%emt 00:00:18]} 26. Rg5 {[%clk
00:03:53]} {[%emt 00:00:28]} Qe7 {[%clk 00:02:48]} {[%emt 00:01:50]} 27. e4
{[%clk 00:00:34]} {[%emt 00:03:49]} b4 {[%clk 00:02:01]} {[%emt 00:01:17]} 28.
Na4 {[%clk 00:00:33]} {[%emt 00:00:31]} dxe4 {[%clk 00:01:46]} {[%emt
00:00:45]} 29. Bc4 {[%clk 00:00:47]} {[%emt 00:00:15]} Be6 {[%clk 00:01:34]}
{[%emt 00:00:42]} 30. Bxe6 {[%clk 00:00:45]} {[%emt 00:00:33]} Qxe6 {[%clk
00:01:54]} {[%emt 00:00:10]} 31. Qc7+ {[%clk 00:01:14]} {[%emt 00:00:01]} Re7
{[%clk 00:01:51]} {[%emt 00:00:33]} 32. Nc5 {[%clk 00:01:42]} {[%emt 00:00:02]}
Qc8 {[%clk 00:01:51]} {[%emt 00:00:29]} 33. Qd6 {[%clk 00:01:30]} {[%emt
00:00:42]} fxg5 {[%clk 00:01:45]} {[%emt 00:00:36]} 34. hxg5 {[%clk 00:02:00]}
{[%emt 00:00:01]} Bxg5 {[%clk 00:01:55]} {[%emt 00:00:20]} 35. Rh1 {[%clk
00:02:27]} {[%emt 00:00:02]} Nh6 {[%clk 00:02:03]} {[%emt 00:00:23]} 36. Rh5
{[%clk 00:00:57]} {[%emt 00:01:59]} Qg4 {[%clk 00:02:05]} {[%emt 00:00:26]} 37.
Rh1 {[%clk 00:00:59]} {[%emt 00:00:30]} e3 {[%clk 00:02:07]} {[%emt 00:00:29]}
0-1

[Event "Latvian Teams Chess Championship Higher League 2019"]
[Site "Riga Chess School, 10 Pernavas Street, Riga, Latvia"]
[Date "2019.06.08"]
[Round "5.9"]
[White "Tronenkovs, Valdis"]
[Black "Bagatais, Janis"]
[Result "1-0"]
[TimeControl "Standard: 90 minutes with 30 second increment from move 1"]
[WhiteTitle "FM"]
[WhiteFideId "11601558"]
[BlackFideId "11606665"]
[WhiteElo "2273"]
[BlackElo "1805"]

1. e4 {[%clk 01:30:57]} {[%emt 00:00:02]} e5 {[%clk 01:30:48]} {[%emt
00:00:13]} 2. Bc4 {[%clk 01:31:16]} {[%emt 00:00:11]} Nf6 {[%clk 01:30:55]}
{[%emt 00:00:23]} 3. d3 {[%clk 01:31:34]} {[%emt 00:00:12]} c6 {[%clk
01:31:15]} {[%emt 00:00:10]} 4. Nf3 {[%clk 01:31:57]} {[%emt 00:00:07]} d5
{[%clk 01:31:36]} {[%emt 00:00:09]} 5. Bb3 {[%clk 01:32:22]} {[%emt 00:00:05]}
Bb4+ {[%clk 01:32:00]} {[%emt 00:00:05]} 6. Bd2 {[%clk 01:32:46]} {[%emt
00:00:06]} Bxd2+ {[%clk 01:32:24]} {[%emt 00:00:07]} 7. Nbxd2 {[%clk 01:32:51]}
{[%emt 00:00:24]} a5 {[%clk 01:32:09]} {[%emt 00:00:44]} 8. a3 {[%clk
01:26:06]} {[%emt 00:07:15]} Qc7 {[%clk 01:31:51]} {[%emt 00:00:49]} 9. O-O
{[%clk 01:24:29]} {[%emt 00:02:08]} O-O {[%clk 01:31:32]} {[%emt 00:00:49]} 10.
Re1 {[%clk 01:23:30]} {[%emt 00:01:28]} dxe4 {[%clk 01:29:35]} {[%emt
00:02:27]} 11. Nxe4 {[%clk 01:23:23]} {[%emt 00:00:38]} Nd5 {[%clk 01:27:28]}
{[%emt 00:02:37]} 12. Bxd5 {[%clk 01:17:26]} {[%emt 00:06:27]} cxd5 {[%clk
01:27:54]} {[%emt 00:00:03]} 13. Nc3 {[%clk 01:17:53]} {[%emt 00:00:03]} d4
{[%clk 01:22:08]} {[%emt 00:06:16]} 14. Nb5 {[%clk 01:11:27]} {[%emt 00:06:56]}
Qb6 {[%clk 01:17:43]} {[%emt 00:04:55]} 15. a4 {[%clk 01:06:16]} {[%emt
00:05:41]} f6 {[%clk 01:17:05]} {[%emt 00:01:08]} 16. c3 {[%clk 01:05:41]}
{[%emt 00:01:06]} dxc3 {[%clk 01:15:25]} {[%emt 00:02:10]} 17. bxc3 {[%clk
01:03:45]} {[%emt 00:02:26]} Bf5 {[%clk 01:08:57]} {[%emt 00:06:57]} 18. d4
{[%clk 01:02:13]} {[%emt 00:02:02]} exd4 {[%clk 01:06:50]} {[%emt 00:02:37]} 19.
cxd4 {[%clk 01:00:04]} {[%emt 00:02:39]} Na6 {[%clk 01:04:42]} {[%emt
00:02:38]} 20. Qb3+ {[%clk 00:48:55]} {[%emt 00:11:40]} Kh8 {[%clk 01:04:49]}
{[%emt 00:00:22]} 21. Nh4 {[%clk 00:43:17]} {[%emt 00:06:08]} Bd7 {[%clk
01:02:26]} {[%emt 00:02:53]} 22. Re7 {[%clk 00:37:06]} {[%emt 00:06:40]} Be8
{[%clk 00:45:51]} {[%emt 00:17:06]} 23. Rae1 {[%clk 00:29:08]} {[%emt
00:08:28]} Rc8 {[%clk 00:35:51]} {[%emt 00:10:30]} 24. Nf5 {[%clk 00:26:56]}
{[%emt 00:02:42]} Bg6 {[%clk 00:33:08]} {[%emt 00:03:14]} 25. Nxg7 {[%clk
00:23:17]} {[%emt 00:04:08]} Nb4 {[%clk 00:28:52]} {[%emt 00:04:46]} 26. Ne6
{[%clk 00:19:06]} {[%emt 00:04:41]} Rfe8 {[%clk 00:27:33]} {[%emt 00:01:50]} 27.
Qf3 {[%clk 00:08:36]} {[%emt 00:11:00]} Qxe6 {[%clk 00:18:08]} {[%emt
00:09:55]} 28. R7xe6 {[%clk 00:08:03]} {[%emt 00:01:03]} Rxe6 {[%clk 00:18:34]}
{[%emt 00:00:03]} 29. Ra1 {[%clk 00:07:06]} {[%emt 00:01:26]} Be4 {[%clk
00:13:59]} {[%emt 00:05:07]} 30. Qh3 {[%clk 00:06:15]} {[%emt 00:01:19]} Bd5
{[%clk 00:12:25]} {[%emt 00:02:06]} 31. f3 {[%clk 00:03:43]} {[%emt 00:03:01]}
Rc2 {[%clk 00:10:40]} {[%emt 00:02:16]} 32. Qf5 {[%clk 00:01:55]} {[%emt
00:02:16]} Kg7 {[%clk 00:10:18]} {[%emt 00:00:54]} 33. h4 {[%clk 00:01:38]}
{[%emt 00:00:47]} Ree2 {[%clk 00:09:34]} {[%emt 00:01:13]} 34. Kh1 {[%clk
00:01:39]} {[%emt 00:00:28]} Be6 {[%clk 00:05:41]} {[%emt 00:04:24]} 35. Qf4
{[%clk 00:01:22]} {[%emt 00:00:45]} Nd5 {[%clk 00:06:04]} {[%emt 00:00:09]} 36.
Qg3+ {[%clk 00:01:36]} {[%emt 00:00:16]} Kh6 {[%clk 00:05:32]} {[%emt
00:01:02]} 37. Re1 {[%clk 00:01:29]} {[%emt 00:00:37]} Ne3 {[%clk 00:04:24]}
{[%emt 00:01:39]} 38. Rxe2 {[%clk 00:01:37]} {[%emt 00:00:21]} Rxe2 {[%clk
00:04:51]} {[%emt 00:00:03]} 39. Nc3 {[%clk 00:01:30]} {[%emt 00:00:37]} 1-0

[Event "Latvian Teams Chess Championship Higher League 2019"]
[Site "Riga Chess School, 10 Pernavas Street, Riga, Latvia"]
[Date "2019.06.08"]
[Round "5.10"]
[White "Kane, Marta"]
[Black "Amerika, Katrina"]
[Result "0-1"]
[TimeControl "Standard: 90 minutes with 30 second increment from move 1"]
[BlackTitle "WIM"]
[WhiteFideId "11603569"]
[BlackFideId "11602260"]
[WhiteElo "1813"]
[BlackElo "2223"]

1. d4 {[%clk 01:30:51]} {[%emt 00:00:08]} Nf6 {[%clk 01:30:57]} {[%emt
00:00:04]} 2. Nf3 {[%clk 01:30:59]} {[%emt 00:00:24]} g6 {[%clk 01:31:22]}
{[%emt 00:00:03]} 3. Bg5 {[%clk 01:31:00]} {[%emt 00:00:27]} Bg7 {[%clk
01:31:41]} {[%emt 00:00:12]} 4. e3 {[%clk 01:31:18]} {[%emt 00:00:11]} d6
{[%clk 01:31:43]} {[%emt 00:00:29]} 5. c3 {[%clk 01:31:27]} {[%emt 00:00:20]}
O-O {[%clk 01:30:25]} {[%emt 00:01:49]} 6. Bd3 {[%clk 01:31:40]} {[%emt
00:00:17]} Re8 {[%clk 01:29:41]} {[%emt 00:01:15]} 7. O-O {[%clk 01:30:26]}
{[%emt 00:01:43]} e5 {[%clk 01:28:45]} {[%emt 00:01:26]} 8. dxe5 {[%clk
01:21:47]} {[%emt 00:09:09]} dxe5 {[%clk 01:29:10]} {[%emt 00:00:05]} 9. Bc4
{[%clk 01:22:12]} {[%emt 00:00:05]} Qe7 {[%clk 01:28:43]} {[%emt 00:00:57]} 10.
e4 {[%clk 01:20:52]} {[%emt 00:01:50]} h6 {[%clk 01:27:57]} {[%emt 00:01:16]}
11. Bxf6 {[%clk 01:20:54]} {[%emt 00:00:27]} Qxf6 {[%clk 01:28:04]} {[%emt
00:00:23]} 12. Nbd2 {[%clk 01:20:03]} {[%emt 00:01:22]} Nd7 {[%clk 01:27:37]}
{[%emt 00:00:57]} 13. Qe2 {[%clk 01:18:44]} {[%emt 00:01:48]} Nf8 {[%clk
01:25:41]} {[%emt 00:02:26]} 14. Rad1 {[%clk 01:12:19]} {[%emt 00:06:55]} g5
{[%clk 01:22:20]} {[%emt 00:03:51]} 15. Bb3 {[%clk 01:09:28]} {[%emt 00:03:22]}
Ng6 {[%clk 01:22:07]} {[%emt 00:00:43]} 16. Nc4 {[%clk 01:08:24]} {[%emt
00:01:34]} Bg4 {[%clk 01:19:47]} {[%emt 00:02:49]} 17. Qe3 {[%clk 00:57:42]}
{[%emt 00:11:12]} Nf4 {[%clk 01:17:22]} {[%emt 00:02:55]} 18. Rd2 {[%clk
00:49:10]} {[%emt 00:09:02]} b5 {[%clk 01:10:33]} {[%emt 00:07:20]} 19. Na3
{[%clk 00:47:52]} {[%emt 00:01:48]} c6 {[%clk 01:10:44]} {[%emt 00:00:19]} 20.
Rfd1 {[%clk 00:46:28]} {[%emt 00:01:53]} Bf8 {[%clk 01:10:20]} {[%emt
00:00:55]} 21. Nc2 {[%clk 00:45:50]} {[%emt 00:01:07]} a5 {[%clk 01:08:58]}
{[%emt 00:01:53]} 22. a4 {[%clk 00:43:56]} {[%emt 00:02:23]} Rab8 {[%clk
01:08:18]} {[%emt 00:01:10]} 23. Nce1 {[%clk 00:42:29]} {[%emt 00:01:57]} Rb7
{[%clk 00:55:27]} {[%emt 00:13:22]} 24. axb5 {[%clk 00:30:13]} {[%emt
00:12:46]} Rxb5 {[%clk 00:53:53]} {[%emt 00:02:05]} 25. c4 {[%clk 00:27:04]}
{[%emt 00:03:38]} Bc5 {[%clk 00:54:07]} {[%emt 00:00:14]} 26. Qc3 {[%clk
00:27:04]} {[%emt 00:00:31]} Bb4 {[%clk 00:52:04]} {[%emt 00:02:34]} 27. Qc2
{[%clk 00:27:17]} {[%emt 00:00:16]} Bxd2 {[%clk 00:50:43]} {[%emt 00:01:52]} 28.
cxb5 {[%clk 00:27:14]} {[%emt 00:00:32]} Bxe1 {[%clk 00:50:59]} {[%emt
00:00:14]} 29. Rxe1 {[%clk 00:27:20]} {[%emt 00:00:24]} Nxg2 {[%clk 00:50:31]}
{[%emt 00:00:58]} 30. Qxc6 {[%clk 00:20:41]} {[%emt 00:07:09]} Qxc6 {[%clk
00:50:28]} {[%emt 00:00:34]} 31. bxc6 {[%clk 00:21:04]} {[%emt 00:00:05]} Bxf3
{[%clk 00:48:22]} {[%emt 00:02:37]} 32. Rc1 {[%clk 00:20:57]} {[%emt 00:00:36]}
Nf4 {[%clk 00:48:40]} {[%emt 00:00:13]} 33. Rc5 {[%clk 00:19:46]} {[%emt
00:01:41]} Bxe4 {[%clk 00:46:48]} {[%emt 00:02:22]} 34. Ba4 {[%clk 00:18:55]}
{[%emt 00:01:20]} Rc8 {[%clk 00:44:31]} {[%emt 00:02:48]} 35. Rc4 {[%clk
00:12:32]} {[%emt 00:06:54]} Bd5 {[%clk 00:44:31]} {[%emt 00:00:29]} 36. Rc5
{[%clk 00:12:45]} {[%emt 00:00:17]} Kf8 {[%clk 00:44:35]} {[%emt 00:00:26]} 0-1